Propiedad intelectual: compendio de normas legales

Bewaard in:
Bibliografische gegevens
Formaat: Boek
Taal:Spaans
Gepubliceerd in: Santiago Diario Oficial 2010
Onderwerpen:
Tags: Voeg label toe
Geen labels, Wees de eerste die dit record labelt!

MARC

LEADER 00000nam a2200000 a 4500
001 UCG3060
003 CL-VaPUC
008 100805e20100000CL |||||||||||||||||spa|d
020 |a 9789567570256 
082 0 4 |a 346.048  |b PRO  |2 21 
245 1 0 |a Propiedad intelectual: compendio de normas legales 
300 |a 153 p 
942 |c BK 
945 |d 20100805 00:00:00  |a mfarfan 
260 |a Santiago  |b Diario Oficial  |c 2010 
650 0 |a Propiedad intelectual  |9 256126 
650 7 |a DERECHO  |2 CL-VaPUC  |9 551860 
583 |a last modification  |c 20100805 00:00:00  |k Rodrigo Vera 
999 |c 342158  |d 342156 
952 |0 0  |1 0  |4 0  |6 346_048000000000000_PRO_2010  |7 0  |8 A  |9 438163  |a BIBDER  |b BIBDER  |d 2019-11-22  |i 470438K  |l 1  |o 346.048 PRO 2010  |p 470438K  |r 2023-01-25  |s 2022-10-12  |w 2019-11-22  |y BK  |k DER